Najbliższe państwa według województwa - Statystyki

Ogólne statystyki
  • Ten quiz został rozwiązany 9 361 razy
    9 298 od ostatniego zresetowania
  • Średni wynik to 14 z 16
Odpowiedzi na mapie
Odpowiedzi zakodowano w zielono-czerwonej skali na mapie do tego quizu, zgodnie z poniższymi procentami.
 
Statystyki odpowiedzi
Województwo Państwo % Poprawnych
Dolnośląskie Czechy / Niemcy
100%
Lubuskie Niemcy
93%
Lubelskie Ukraina / Białoruś
93%
Kujawsko-Pomorskie Rosja
92%
Małopolskie Słowacja
92%
Mazowieckie Białoruś
91%
Opolskie Czechy
91%
Łódzkie Czechy
90%
Podkarpackie Ukraina / Słowacja
90%
Podlaskie Białoruś / Litwa
89%
Śląskie Czechy / Słowacja
84%
Pomorskie Rosja
84%
Świętokrzyskie Słowacja
79%
Warmińsko-Mazurskie Rosja / Litwa
78%
Wielkopolskie Niemcy
75%
Zachodniopomorskie Niemcy
74%
Nie znaleziono quizów pasujących do podanych kryteriów
Rozkład punktacji
Procent ludzi z każdym wynikiem
Percentyl według liczby udzielonych odpowiedzi
Twoja historia wyników
Nie rozwiązałeś tego quizu od ostatniego zresetowania